| 000 | 00684nam a2200217Ia 4500 | ||
|---|---|---|---|
| 003 | GCL | ||
| 005 | 20240530103331.0 | ||
| 008 | 140319s9999 xx 000 0 ara d | ||
| 040 |
_aGCL / _cGCL |
||
| 082 | 0 | 4 |
_a416 _bع ع |
| 100 | 1 | _aعبدالعزيز عتيق | |
| 245 | 1 | 0 |
_aعلم العروض والقافية / _cعبدالعزيز عتيق |
| 260 |
_aبيروت : _bدار النهضة العربية ؛ _c1987 |
||
| 300 | _a211 ص | ||
| 650 | 0 | 4 | _aالشعر العربى |
| 650 | 0 | 4 | _aالاوزان الشعرية |
| 650 | 0 | 4 | _aاللغة العربية |
| 650 | 0 | 4 | _aالتفعيلات الشعرية |
| 650 | 0 | 4 | _aالعروض والقوافى |
| 942 |
_2ddc _cBK |
||
| 999 |
_c38619 _d38619 |
||